BIBLIOTECA

SENCICO

Pequeñas centrales hidroeléctricas : Construcción paso a paso (Registro nro. 1257)

Detalles MARC
000 -LEADER
fixed length control field 00794nam a2200301Ia 4500
005 - DATE AND TIME OF LATEST TRANSACTION
control field 20251020182505.0
008 - FIXED-LENGTH DATA ELEMENTS--GENERAL INFORMATION
fixed length control field 200515s9999 xx 000 0 und d
020 ## - INTERNATIONAL STANDARD BOOK NUMBER
International Standard Book Number 978-958-8675-99-2
082 ## - DEWEY DECIMAL CLASSIFICATION NUMBER
Classification number 627.851/O73
100 ## - MAIN ENTRY--PERSONAL NAME
Personal name Ortiz Flórez, Ramiro
245 #0 - TITLE STATEMENT
Title Pequeñas centrales hidroeléctricas : Construcción paso a paso
250 ## - EDITION STATEMENT
Edition statement 1a ed.
260 ## - PUBLICATION, DISTRIBUTION, ETC.
Place of publication, distribution, etc. Bogotá, D.C.
260 ## - PUBLICATION, DISTRIBUTION, ETC.
Name of publisher, distributor, etc. Ediciones de la U
260 ## - PUBLICATION, DISTRIBUTION, ETC.
Date of publication, distribution, etc. 2011
300 ## - PHYSICAL DESCRIPTION
Extent 384 p.
300 ## - PHYSICAL DESCRIPTION
Other physical details il., tbl., graf., fot.
490 ## - SERIES STATEMENT
Series statement Ingeniería
500 ## - GENERAL NOTE
General note 1 ejemplar
650 ## - SUBJECT ADDED ENTRY--TOPICAL TERM
Topical term or geographic name entry element CENTRALES HIDROELECTRICAS
650 ## - SUBJECT ADDED ENTRY--TOPICAL TERM
Topical term or geographic name entry element ENERGIA ELECTRICA
650 ## - SUBJECT ADDED ENTRY--TOPICAL TERM
Topical term or geographic name entry element ESTUDIOS GEOLOGICOS
650 ## - SUBJECT ADDED ENTRY--TOPICAL TERM
Topical term or geographic name entry element ESTUDIOS TOPOGRAFICOS
650 ## - SUBJECT ADDED ENTRY--TOPICAL TERM
Topical term or geographic name entry element HIDRAULICA
650 ## - SUBJECT ADDED ENTRY--TOPICAL TERM
Topical term or geographic name entry element IMPACTO AMBIENTAL
942 ## - ADDED ENTRY ELEMENTS (KOHA)
Koha item type Libros
Existencias
Fecha de la última vez que lo usaron Pago total Signatura topográfica completa Código de barras Precio efectivo desde Tipo de documento Estado perdido Estado dañado No es para préstamo Retirado Ubicación permanente Ubicación actual Fecha de adquisición
15/05/2020   627.851/O73 Bib-Lima15051257 15/05/2020 Libros         Biblioteca Central Lima Biblioteca Central Lima 15/05/2020